Реферативный бюллетень. №12 (158): Рентгеновский анализ (Запись № 1975269)
[ простой вид ]
| 000 -МАРКЕР | |
|---|---|
| контрольное поле | 02620nam2a22003011 4500 |
| 001 - ИДЕНТИФИКАТОР ЗАПИСИ | |
| контрольное поле | RU\NLR\INFOCOMM6\1000384980 |
| 005 - ИДЕНТИФИКАТОР ВЕРСИИ | |
| контрольное поле | 20250617150123.0 |
| 035 ## - ДРУГИЕ СИСТЕМНЫЕ НОМЕРА | |
| Идентификатор записи | (NLR Aleph) 002732259 |
| 100 ## - ДАННЫЕ ОБЩЕЙ ОБРАБОТКИ | |
| Данные общей обработки | 20040123d1964 |||y0rusy50 ca |
| 101 0# - ЯЗЫК РЕСУРСА | |
| Язык текста, звукозаписи и т.д. | русский |
| 102 ## - СТРАНА ПУБЛИКАЦИИ ИЛИ ПРОИЗВОДСТВА | |
| Страна публикации | российская федерация |
| 105 ## - ПОЛЕ КОДИРОВАННЫХ ДАННЫХ: ТЕКСТОВЫЕ МАТЕРИАЛЫ, МОНОГРАФИЧЕСКИЕ | |
| Кодированные данные о монографическом текстовом документе | y ||||||||| |
| 200 1# - ЗАГЛАВИЕ И СВЕДЕНИЯ ОБ ОТВЕТСТВЕННОСТИ | |
| Основное заглавие | Рентгеновский анализ |
| Первые сведения об ответственности | Сиболд Р.Е. и Биркс Л.С. |
| 210 ## - ПУБЛИКАЦИЯ, РАСПРОСТРАНЕНИЕ И ДР. | |
| Дата издания, распространения и т.д. | 1964 |
| Место издания, распространения и т.д. | Б. м. |
| 225 1# - СЕРИЯ | |
| Основное заглавие серии | ... |
| Обозначение тома | №12 (158) |
| Наименование части | ... |
| Обозначение тома | 1964, №2 (60) |
| 423 #1 - ИЗДАЕТСЯ В ОДНОЙ ОБЛОЖКЕ ВМЕСТЕ С ... | |
| Встроенное поле | 2001#$aОптические свойства Lif в вакуумном ультрафиолете$fПаттерсон А., Ваугхан В.Х. |
| -- | 700#1$aПаттерсон$b.А. |
| -- | 701#1$aВаугхан$bВ.Х. |
| Заглавие | Оптические свойства Lif в вакуумном ультрафиолете |
| Автор | Паттерсон, .А. |
| 461 #0 - УРОВЕНЬ НАБОРА | |
| Встроенное поле | 001RU\NLR\INFOCOMM6\1000384968 |
| -- | 2001#$aРеферативный бюллетень$fВсесоюз. ин-т науч. и техн. информации. Гос. Ком. по координации науч.-исслед. работ СССР и Акад. наук СССР$v№12 (158) |
| Системный номер (АБИС) связанной записи | 1975196 |
| Автор | Всесоюзный институт научной и технической информации. Отдел научных фондов |
| Место публикации | М. |
| Дата публикации | 1964 |
| Первые сведения об ответственности | Всесоюз. ин-т науч. и техн. информации. Гос. Ком. по координации науч.-исслед. работ СССР и Акад. наук СССР |
| Заглавие | Реферативный бюллетень |
| Номер тома | №12 (158) |
| 462 #0 - УРОВЕНЬ ПОДНАБОРА | |
| Встроенное поле | 001RU\NLR\INFOCOMM6\1000384978 |
| -- | 2001#$aРеферативный бюллетень ...$iСерия: Физика$fВсесоюз. ин-т науч. и техн. информации. Гос. Ком. по координации науч.-исслед. работ СССР и Акад. наук СССР$v1964, №2 (60) |
| Системный номер (АБИС) связанной записи | 1975250 |
| Автор | Всесоюзный институт научной и технической информации. Отдел научных фондов |
| Место публикации | М. |
| Дата публикации | 1964- |
| Первые сведения об ответственности | Всесоюз. ин-т науч. и техн. информации. Гос. Ком. по координации науч.-исслед. работ СССР и Акад. наук СССР |
| Заглавие части | Серия: Физика |
| Заглавие | Реферативный бюллетень. - Реферативный бюллетень ... |
| Номер тома | 1964, №2 (60) |
| 700 #1 - ИМЯ ЛИЦА - ПЕРВИЧНАЯ ОТВЕТСТВЕННОСТЬ | |
| Начальный элемент ввода | Сиболд |
| Часть имени, кроме начального элемента ввода | Р.Е. |
| Код отношения | Автор |
| 701 #1 - ИМЯ ЛИЦА - АЛЬТЕРНАТИВНАЯ ОТВЕТСТВЕННОСТЬ | |
| Начальный элемент ввода | Биркс |
| Часть имени, кроме начального элемента ввода | Л.С. |
| Код отношения | Автор |
| 801 #1 - ИСТОЧНИК ЗАПИСИ | |
| Страна | российская федерация |
| Организация | InfoComm |
| Дата составления | 20040123 |
| 801 #0 - ИСТОЧНИК ЗАПИСИ | |
| Страна | российская федерация |
| Организация | NLR |
| Правила каталогизации | PSBO |
| 852 ## - МЕСТОНАХОЖДЕНИЕ И ШИФР ХРАНЕНИЯ | |
| Идентификатор организации | NLR |
| Шифр хранения (Call Number) | П11/2355 |
| 942 ## - ДОПОЛНИТЕЛЬНЫЕ ЭЛЕМЕНТЫ ЗАПИСИ (АБИС) | |
| Тип экземпляра АБИС | Выпуск |
| 980 ## - КОЛЛЕКЦИЯ | |
| Название коллекции | Национальная библиография |
| 980 ## - КОЛЛЕКЦИЯ | |
| Название коллекции | Русская периодика |
Нет доступных экземпляров.